Deuxiéme villes °2 - Statistiques

Statistiques générales
  • Ce quiz a été pris 181 fois
  • Le résultat moyen est 7 sur 16
Statistiques - réponses
2éme ville Pays % Correct
Geneve Suisse
100%
Delhi Inde
96%
Yaoundé Cameroun
89%
Medellín Colombie
83%
Donetsk Ukraine
83%
Aden Yemen
44%
Novi Sad Serbie
42%
Puente Alto Chili
31%
Hargeisa Somalie
24%
Beira Mozambique
21%
Pakxe Laos
14%
Namangan Ouzbekistan
13%
Lelydorp Suriname
10%
Mutsamudu Comores
6%
Gizo Îles Salomon
4%
Denigomudu Nauru
3%
Aucun quiz correspondant
Distribution des résultats
% des personnes avec chaque résultat
Percentile par nombre de réponses
Votre historique - résultats
Vous n’avez pas pris ce quiz